Missing Word: M*A*S*H Quiz Stats

Quiz Updated Mar 5, 2016

Challenge
Share
Tweet
Embed
Score 0/12 Timer 02:00
0 Plays Today
Last Name Entire Name % Correct
________ PierceBenjamin Franklin 'Hawkeye' Pierce
92.7%
________ HoulihanMargaret 'Hot Lips' Houlihan
88.2%
________ O’ReillyWalter Eugene 'Radar' O’Reilly
84.3%
________ BurnsFranklin Marion 'Frank' Burns
70.7%
________ HunnicuttB. J. Hunnicutt
67.4%
________ BlakeHenry Braymore Blake
62.9%
________ McIntyreJohn Francis Xavier 'Trapper' McIntyre
59.8%
________ MulcahyJohn Patrick Francis Mulcahy
56%
________ WinchesterCharles Emerson Winchester III
52.7%
________ KlingerMaxwell Q. Klinger
51.4%
________ PotterSherman Tecumseh Potter
44%
________ FreedmanSidney/Milton Freedman
28.8%

Today's Daily Dose

Missing Word
The Killers Songs

Word Ladder
1967 Film

Quick Pick
Flag Names

On This Day
February 24th II

You're not logged in!

Compare scores with friends on all Sporcle quizzes.
Sign Up with Email
OR
Log In

You Might Also Like...

Show Comments

Extras

Top Quizzes Today


Score Distribution

Your Account Isn't Verified!

In order to create a playlist on Sporcle, you need to verify the email address you used during registration. Go to your Sporcle Settings to finish the process.